Eurovision National Selections - Statistics

General Stats
  • This quiz has been taken 24 times
  • The average score is 13 of 22
Answer Stats
Country Selection % Correct
Italy Festival di Sanremo
100%
Sweden Melodifestivalen
100%
Norway Melodi Grand Prix
90%
Albania Festivali i Këngës
80%
Latvia Supernova
80%
Spain Benidorm Fest
75%
Croatia Dora
75%
Estonia Eesti Laul
75%
Ukraine Vidbir
75%
Finland Uuden Musiikin Kilpailu
70%
Ireland Eurosong
60%
Denmark Dansk Melodi Grand Prix
55%
Iceland Söngvakeppnin
55%
Czechia ESCZ
50%
Luxembourg Luxembourg Song Contest
50%
Malta Malta Eurovision Song Contest
50%
San Marino Una Voce per San Marino
50%
Lithuania Eurovizija.LT
40%
Portugal Festival da Canção
35%
Serbia Pesma za Euroviziju
35%
Moldova Etapa Națională
25%
Germany Eurovision Song Contest - das deutsche Finale
15%
No matching quizzes found
Score Distribution
Percent of People with Each Score
Percentile by Number Answered
Your Score History
You have not taken this quiz